000 00756nam 2200217 4500
001 6032
011 _a0986-9980
090 _a6032
100 _a20190729k u||y0frey50 ba
101 _afre
200 _aInfo uranium
_bPériodique
_eBulletin d'information bimestriel du Réseau uranium
_fJean-Louis Bugarel
210 _aRodez
_cassociation Info-Uranium
_cAction environnement - Info uranium
_gassociation Info-Uranium
215 _d30 cm.
300 _aDès le n°69 éditié par Action environnement - info uranium
326 _aBimestriel
606 _9648
_aNucléaire (Energie)
607 _9521
_aFrance
700 _96869
_aBugarel
_bJean-Louis
710 _96870
_aRéseau uranium
801 _aCH
_bCH-002049-8
955 _r1990: 44. 1992: 57. 1994: 66-71 mq 68.